000 00754nam a22002297a 4500
999 _c14629
_d14629
003 AR-CdUCM
008 190423b ||||| |||| 00| 0 spa d
020 _a978-84-9825-853-0
040 _aMUNICIPALIDAD PROVINCIAL DEL CUSCO
_cBIBLIOTECA MUNICIPAL DEL CUSCO
082 _aPI / 376.1 /
_bSU86
100 _aSubirana, Susana
_933486
245 _a¿Como se llaman las niñas flamencas? /
260 _aBarcelona : :
_bCombel,,
_c2013.
300 _a12 paginas ;
_bIlustraciones plegables,
_c30 cm.
650 _aNiñas flamencas
_933487
650 _aEstilo flamenco
_933488
650 _aEl baile para niñas
_933489
650 _aCuentos para niñas
_933137
700 _aGanges, Montse
_933490
942 _2ddc
_cLIBROS
945 _awnts
_d2019-04-24